000 00305nam a2200109Ia 4500
001 1265327
005 20260417142025.0
008 260417s9999 xx 000 0 und d
020 _a9786255929747
245 0 _aKaçık & Kum ve Köpük & Yeryüzü Tanrıları
_cHalil Cibran
260 _bKetebe Yayınları
999 _c1265327
_d1265327